000 00762nam a2200229Ii 4500
003 JO-AjNU
008 230605s9999||||xx |||||||||||||| ||und||
017 _a2001/9/1809
020 _a9975-11-221-X
040 _aJO-AjNU
_bara
_erda
_cJO-AjNU
041 _aara
050 1 4 _aHD58.7.A4922.2010
100 3 _aالعميان،محمود سلمان,
_eauthor
_929144
245 0 0 _aالسلوك التنظيمي في منظمات الاعمال
250 _aط5
264 3 1 _aعمان:دار وائل للنشر والتوزيع،2010
300 _a424ص
336 _atext
_btxt
_2rdacontent
337 _aunmediated
_bn
_2rdamedia
338 _avolume
_bnc
_2rdacarrier
650 4 _aمنظمات اصحاب العمل/السلوك التنظيمي
_929145
999 _aA11393
_c14961
_d14961